Statistics for Seven Heavenly Virtues

Click here to take the quiz!

General Stats

  • This quiz has been taken 10,510 times
  • The average score is 3 of 7

Answer Stats

SinVirtue% Correct
PrideHumility
68%
GreedCharity
53%
LustChastity
50%
WrathPatience
49%
EnvyKindness
42%
GluttonyTemperance
34%
SlothDiligence
24%

Score Distribution

Percentile by Number Answered

Percent of People with Each Score

Your Score History

You have not taken this quiz